|
|
|
|
| LEADER |
00000cam a2200000 7i4500 |
| 001 |
0000002784 |
| 002 |
000003015 |
| 005 |
20000330.0 |
| 020 |
|
|
|a 983623733X
|
| 090 |
0 |
0 |
|a 350.0009595
|b AHM
|
| 100 |
0 |
|
|a Ahmad Atory Hussain
|
| 245 |
0 |
0 |
|a Pentadbiran dan politik pembangunan :
|b satu analisis terhadap pembangunan masyarakat di Malaysia
|c Ahmad Atory Hussain
|
| 260 |
|
|
|a Kuala Lumpur :
|b DBP ,
|c 1993
|
| 300 |
|
|
|a 218p. ;
|c 23cm.
|
| 650 |
0 |
0 |
|a Public administration
|z Malaysia
|
| 651 |
|
0 |
|a Malaysia
|x Politics and government
|
| 999 |
|
|
|a 036385
|b BUKU
|c PINJAMAN
|e PERPUSTAKAAN KOMUNITI PETALING JAYA
|
| 999 |
|
|
|a 036386
|b BUKU
|c MALAYSIANA
|e PERPUSTAKAAN KOMUNITI PETALING JAYA
|